Lighting (Record no. 104839)

MARC details
000 -LEADER
fixed length control field 00911cam a2200205 4500
001 - CONTROL NUMBER
control field ##L131783
008 - FIXED-LENGTH DATA ELEMENTS--GENERAL INFORMATION
fixed length control field 051207n2004 000 0 eng u
020 ## - INTERNATIONAL STANDARD BOOK NUMBER
International Standard Book Number 1860817173
035 ## - SYSTEM CONTROL NUMBER
System control number (Sirsi) u131783
041 0# - LANGUAGE CODE
Language code of text/sound track or separate title eng
050 04 - LIBRARY OF CONGRESS CALL NUMBER
Classification number 729.28 $2 18
110 2# - MAIN ENTRY--CORPORATE NAME
Corporate name or jurisdiction name as entry element BRE Environment
9 (RLIN) 4806
245 00 - TITLE STATEMENT
Title Lighting
Remainder of title general principles
260 ## - PUBLICATION, DISTRIBUTION, ETC.
Place of publication, distribution, etc. Watford
Name of publisher, distributor, etc. BRE
Date of publication, distribution, etc. 2004
300 ## - PHYSICAL DESCRIPTION
Extent 8p
Other physical details ill, tables
Dimensions 30cm
490 #0 - SERIES STATEMENT
Series statement BRE Good Building Guide
Volume/sequential designation GBG 61(part 1)
520 ## - SUMMARY, ETC.
Summary, etc. Part one of this three part guide describes the general principles on the lighting of buildings, and gives an introduction as to what is available. Discusses how the building regulations affect lighting standards, the different types of lamps and luminaires, and the various lighting control systems available.
690 ## - LOCAL SUBJECT ADDED ENTRY--TOPICAL TERM (OCLC, RLIN)
Topical term or geographic name as entry element BUILT ENVIRONMENT-BUILDING ELEMENTS-COMPLETE BUILDING SERVICES ELEMENTS-COMPLETE LIGHTING SYSTEMS
942 ## - ADDED ENTRY ELEMENTS (KOHA)
Suppress in OPAC 0
Holdings
Withdrawn status Lost status Source of classification or shelving scheme Damaged status Not for loan Home library Current library Shelving location Date acquired Total Checkouts Full call number Barcode Date last seen Date last checked out Copy number Price effective from Koha item type
    Dewey Decimal Classification     London London BRE publications 07/12/2005 1 ENQUIRY DESK 30061286 06/08/2019 13/08/2008 1 06/08/2019 Book